000 02340nam2a2200313 4500
001 RU\NLR\BIBL_A\011930601
005 20200128143406.0
010 _a978-5-6041392-2-6
_9500
021 _aRU
_bКН-П-18-101462
_9КН-П-18-7352
035 _a(NLR Aleph) 011930601
090 _a11036559
_c11036559
100 _a20190207d2018 k y0rusy50 ca
101 0 _arus
102 _aRU
105 _aa|||z|||100zy
200 1 _aМеждународный студенческий научный форум, 2018
_e[материалы X международной студенческой научной конференции, 1 декабря 2017 г. - 21 мая 2018 г.]
210 _d2018
215 _a107 с.
_cил., табл.
320 _aБиблиогр. в конце ст.
461 0 _1001RU\NLR\BIBL_A\011781548
_12001#$aСовременные проблемы науки и образования$e(продолжающееся издание)$e[материалы научных конференций]$fИздательский дом "Академия естествознания", [Российская академия естествознания$gредакционная коллегия: доктор медицинских наук, профессор, академик, главный редактор Ледванов Михаил Юрьевич и другие]$vТ. 5
_911779315
_cМосква
_d2018
_fИздательский дом "Академия естествознания", [Российская академия естествознания
_nАкадемия Естествознания
_o(продолжающееся издание) : [материалы научных конференций]
_tСовременные проблемы науки и образования
_vТ. 5
606 1 _aМедицина
_jСъезды, совещания и т.п
_9892737
_3RU\NLR\AUTH\662895
686 1 _aР.я431(2)
711 1 2 _a"Студенческий научный форум 2018", международная студенческая научная конференция
_d10
_eМосква
_f2017-2018
_9648708
_3RU\NLR\AUTH\880494400
852 _aNLR
_j2018-8/2528
942 _cBOOK
980 _aNB